Dio Songs - Statistics

General Stats
  • This quiz has been taken 22 times
  • The average score is 20 of 103
Answer Stats
Answer % Correct
Holy Diver
95%
Rainbow in the Dark
85%
The Last in Line
85%
Dream Evil
65%
Stand Up and Shout
65%
Sacred Heart
60%
We Rock
60%
Straight Through the Heart
55%
Caught in the Middle
50%
Gypsy
50%
Lock Up the Wolves
50%
Don't Talk to Strangers
45%
Shame on the Night
45%
Invisible
40%
Killing the Dragon
40%
Master of the Moon
40%
Mystery
40%
One Night in the City
40%
Egypt (The Chains are On)
35%
Magica (Reprise)
35%
Naked in the Rain
35%
Strange Highways
35%
Sunset Superman
35%
Breathless
25%
Hungry for Heaven
25%
I Speed at Night
25%
Rock 'n' Roll Children
25%
The Eyes
25%
All the Fools Sailed Away
20%
Eat Your Heart Out
20%
I Could Have Been a Dreamer
20%
Night People
20%
Blood from a Stone
15%
Eriel
15%
In Dreams
15%
Jesus, Mary & the Holy Ghost
15%
One More for the Road
15%
Overlove
15%
Pain
15%
Scream
15%
Shivers
15%
Shoot, Shoot
15%
When a Woman Cries
15%
Wild One
15%
Along Comes a Spider
10%
Another Lie
10%
Between Two Hearts
10%
Bring Down the Rain
10%
Cold Feet
10%
Don't Tell the Kids
10%
Double Monday
10%
Evil Eyes
10%
Evil on Queen Street
10%
Faces in the Window
10%
Fever Dreams
10%
Firehead
10%
Give Her the Gun
10%
Hey Angel
10%
Hunter of the Heart
10%
I Am
10%
Just Another Day
10%
King of Rock and Roll
10%
My Eyes
10%
One Foot in the Grave
10%
Push
10%
The End of the World
10%
The Man Who Would Be King
10%
This is Your Life
10%
As Long as It's Not About Love
5%
Before the Fall
5%
Better in the Dark
5%
Big Sister
5%
Black
5%
Born on the Sun
5%
Challis
5%
Death by Love
5%
Discovery
5%
Dying in America
5%
Evilution
5%
Fallen Angels
5%
Feed My Head
5%
Golden Rules
5%
Guilty
5%
Here's to You
5%
Hollywood Black
5%
Institutional Man
5%
Like the Beat of a Heart
5%
Living the Lie
5%
Lord of the Last Day
5%
Lord of the Last Day (Reprise)
5%
Losing My Insanity
5%
Magica Theme
5%
Night Music
5%
Otherworld
5%
Rock & Roll
5%
Stay Out of My Mind
5%
The Magica Story
5%
Throw Away Children
5%
Twisted
5%
Walk on Water
5%
Why Are They Watching Me
5%
The Prisoner of Paradise
0%
Turn to Stone
0%
No matching quizzes found
Score Distribution
Percent of People with Each Score
Percentile by Number Answered
Your Score History
You have not taken this quiz